| 000 | 01288nam a22002897a 4500 | ||
|---|---|---|---|
| 001 | 113824 | ||
| 003 | DR-UNIBE | ||
| 005 | 20250703110650.0 | ||
| 007 | cr nn 008mamaa | ||
| 008 | 250703b2025 xxk||||| |||| 00| 0 eng d | ||
| 020 | _a9781399413923 | ||
| 020 | _a9781399413947 (electrónico) | ||
| 040 |
_aBIBLIOTECA UNIBE _cBIBLIOTECA UNIBE _erda |
||
| 041 | _aeng | ||
| 100 |
_aStein Lubrano, Sarah _eautor _9196948 |
||
| 245 |
_aDon't talk about politics : _bhow to change 21st-century minds |
||
| 260 |
_aLondon : _bBloomsbury Continuum, _c2025 |
||
| 300 | _a259 páginas | ||
| 500 | _aDisponible para miembros de UNIBE a través del portal web del CRAI: https://www.unibe.edu.do/biblioteca/libros-electronicos/ | ||
| 505 | _a1. Don’t enter the ‘market’ for ideas | 2. Don’t debate it | 3. Act first, think later | 4. Think with your friends | 5. Take back twitter (and other infrastructure) | 6. Fight social atrophy | 7. Loving and leaving the liberal ideal (or, to my fellow lovers of ideas) | | ||
| 650 | 7 |
_2lemb _aCiencias políticas |
|
| 650 | 7 |
_2lemb _aDemocracia |
|
| 653 | _aIdiología política | ||
| 655 | 4 |
_aRecurso electrónico _942681 |
|
| 856 | _uhttps://ebookcentral.proquest.com/lib/unibedr/detail.action?docID=32003542 | ||
| 942 |
_2ddc _cEB |
||
| 999 |
_c113824 _d113824 |
||